000 00479nam a2200181Ia 4500
001 23654
005 20260414150951.0
008 260414t2017||||xx |||||||||||||| ||spa||
041 _aESP
082 _a686
_bL565
100 _aLondon Centre for Book Arts
_eAUT
245 0 _aLas artes del libro :
_buna guía para fabricar y encuadernar libros en casa
260 _c2017
300 _a191 páginas :
_c25 cm.
650 _aTCA
654 _aCII
942 _cLIB
_dJUS
_fJUS
_2ddc
_n
999 _c23654
_d23654